|
|
|
|
| LEADER |
00731nab a2200181 i 4500 |
| 001 |
misc72925 |
| 005 |
20231026100606.0 |
| 008 |
231026s1993 hu o 000 hun d |
| 022 |
|
|
|a 0133-8455
|
| 040 |
|
|
|a SZTE Miscellanea Repozitórium
|b hun
|
| 041 |
|
|
|a hun
|
| 100 |
1 |
|
|a Bay Zoltán
|
| 245 |
1 |
0 |
|a Bay Zoltán és Szent-Györgyi Albert találkozásai 1945 tavaszán. Részlet Bay Zoltán
|h [elektronikus dokumentum] :
|b Az élet erősebb című könyvéből /
|c Bay Zoltán
|
| 260 |
|
|
|c 1993-09
|
| 300 |
|
|
|a 97-103
|
| 490 |
0 |
|
|a Biokémia: a Magyar Biokémiai Egyesület tájékoztatója
|v 17 No. 3
|
| 561 |
|
|
|a Szent-Györgyi Albertről szóló irodalom
|
| 856 |
4 |
0 |
|u http://misc.bibl.u-szeged.hu/72925/1/szgya_1993_024.pdf
|z Dokumentum-elérés
|